000 00530nam a2200193Ia 4500
003 OSt
005 20251119163912.0
008 210210b1942 xxu||||| |||| 00| 0 eng d
040 _cAL
041 _aKannada
082 _a851/276
100 _aPUTTAPPA (KV)
_988708
_d ಪುಟ್ಟಪ್ಪ (ಕೆವಿ)
245 _aMakkala sahitya
_bಮಕ್ಕಳ ಸಾಹಿತ್ಯ
260 _aMaisuru
_bKavyalaya
_c1942
650 _a KUVEMPU
_988709
690 _aKannada Poetry
_988710
906 _a018294
942 _2ddc
_cBK
999 _c141419
_d141419